<?xml version="1.0" encoding="UTF-8"?>
<record
    xmlns:xsi="http://www.w3.org/2001/XMLSchema-instance"
    xsi:schemaLocation="http://www.loc.gov/MARC21/slim http://www.loc.gov/standards/marcxml/schema/MARC21slim.xsd"
    xmlns="http://www.loc.gov/MARC21/slim">

  <leader>00803na  a2200265   4500</leader>
  <controlfield tag="001">21982</controlfield>
  <controlfield tag="003">MIRAKIL</controlfield>
  <controlfield tag="005">20181213155050.0</controlfield>
  <controlfield tag="008">170209b        tu            000 0      </controlfield>
  <datafield tag="020" ind1=" " ind2=" ">
    <subfield code="a">9786056496592</subfield>
  </datafield>
  <datafield tag="040" ind1=" " ind2=" ">
    <subfield code="a">Milas</subfield>
    <subfield code="b">tur</subfield>
    <subfield code="c">TR-AnCHP</subfield>
  </datafield>
  <datafield tag="041" ind1=" " ind2=" ">
    <subfield code="a">tur</subfield>
  </datafield>
  <datafield tag="082" ind1=" " ind2=" ">
    <subfield code="a">728.37</subfield>
    <subfield code="b">T26 2014</subfield>
  </datafield>
  <datafield tag="090" ind1=" " ind2=" ">
    <subfield code="a">728.37 T26 2014</subfield>
  </datafield>
  <datafield tag="245" ind1=" " ind2=" ">
    <subfield code="a">Tarabya K&#xF6;&#x15F;k&#xFC;'n&#xFC;n de&#x11F;i&#x15F;en y&#xFC;z&#xFC;</subfield>
    <subfield code="c">Edit&#xF6;rler Ay&#x15F;e Y&#x131;lmaz, Kadriye Metin; foro&#x11F;raflar Cemal Erdem</subfield>
  </datafield>
  <datafield tag="260" ind1=" " ind2=" ">
    <subfield code="a">Ankara</subfield>
    <subfield code="b">Cumhurba&#x15F;kanl&#x131;&#x11F;&#x131; Yay&#x131;nlar&#x131;</subfield>
    <subfield code="c">2014</subfield>
  </datafield>
  <datafield tag="300" ind1=" " ind2=" ">
    <subfield code="a">235 s.</subfield>
    <subfield code="b">fot&#x11F;.</subfield>
    <subfield code="c">33x29 sm.</subfield>
  </datafield>
  <datafield tag="610" ind1=" " ind2=" ">
    <subfield code="a">Cumhurba&#x15F;kanl&#x131;&#x11F;&#x131;</subfield>
    <subfield code="x">K&#xF6;&#x15F;kler</subfield>
  </datafield>
  <datafield tag="650" ind1=" " ind2=" ">
    <subfield code="a">Tarabya K&#xF6;&#x15F;k&#xFC;</subfield>
    <subfield code="x">Mimari &#xF6;zellikler</subfield>
  </datafield>
  <datafield tag="650" ind1=" " ind2=" ">
    <subfield code="a">Sanat </subfield>
    <subfield code="x">K&#xF6;&#x15F;kler</subfield>
  </datafield>
  <datafield tag="700" ind1=" " ind2=" ">
    <subfield code="a">Emden, Cemal</subfield>
  </datafield>
  <datafield tag="700" ind1=" " ind2=" ">
    <subfield code="a">Metin, Kadriye</subfield>
  </datafield>
  <datafield tag="700" ind1=" " ind2=" ">
    <subfield code="a">Y&#x131;lmaz, Ay&#x15F;e</subfield>
  </datafield>
  <datafield tag="942" ind1=" " ind2=" ">
    <subfield code="2">dcc</subfield>
    <subfield code="c">BKS</subfield>
  </datafield>
  <datafield tag="952" ind1=" " ind2=" ">
    <subfield code="a">0001</subfield>
    <subfield code="b">0001</subfield>
    <subfield code="d">2017-02-09</subfield>
    <subfield code="e">2</subfield>
    <subfield code="l">0</subfield>
    <subfield code="o">728.37 T26 2014</subfield>
    <subfield code="p">012948</subfield>
    <subfield code="r">2017-02-09 00:00:00</subfield>
    <subfield code="v">0.00</subfield>
    <subfield code="w">2017-02-09</subfield>
    <subfield code="y">BKS</subfield>
  </datafield>
  <datafield tag="999" ind1=" " ind2=" ">
    <subfield code="c">5901</subfield>
    <subfield code="d">5901</subfield>
  </datafield>
</record>
